Microsoft 365 Office : (Record no. 203638)

MARC details
000 -LEADER
fixed length control field 02043nam a2200397 ia4500
005 - DATE AND TIME OF LATEST TRANSACTION
control field 20260518114220.0
008 - FIXED-LENGTH DATA ELEMENTS--GENERAL INFORMATION
fixed length control field 260401t20252025njuao erbf 001 0 eng d
020 ## - INTERNATIONAL STANDARD BOOK NUMBER
International Standard Book Number 9781394295050
Terms of availability RM 137.39
Qualifying information paperback
040 ## - CATALOGING SOURCE
Original cataloging agency PPAK
Language of cataloging eng
Transcribing agency PPAk
Description conventions rda
082 04 - DEWEY DECIMAL CLASSIFICATION NUMBER
Edition number 23
Classification number 005.5
090 00 - LOCALLY ASSIGNED LC-TYPE CALL NUMBER (OCLC); LOCAL CALL NUMBER (RLIN)
Classification number (OCLC) (R) ; Classification number, CALL (RLIN) (NR) 005.5
Feature heading MCF
Feature heading G
100 1# - MAIN ENTRY--PERSONAL NAME
Personal name McFedries, Paul,
Relator term author.
245 10 - TITLE STATEMENT
Title Microsoft 365 Office :
Remainder of title ALL- IN-ONE /
Statement of responsibility, etc. by Paul McFedries ; Editor : Thomas Hill
246 30 - VARYING FORM OF TITLE
Title proper/short title Microsoft three hundred and sixty-five Office all-in-one
Title proper/short title Microsoft three hundred and sixty-five Office all-in-one for dummies
Title proper/short title Microsoft 365 Office all-in-one for dummies
250 ## - EDITION STATEMENT
Edition statement 3rd Edition
264 #1 - PRODUCTION, PUBLICATION, DISTRIBUTION, MANUFACTURE, AND COPYRIGHT NOTICE
Place of production, publication, distribution, manufacture Hoboken, New Jersey :
Name of producer, publisher, distributor, manufacturer John Wiley & Sons, Inc. ,
Date of production, publication, distribution, manufacture, or copyright notice 2025
Date of production, publication, distribution, manufacture, or copyright notice ©2025
300 ## - PHYSICAL DESCRIPTION
Extent xxv, 900 pages :
Other physical details illustrations, photographs ;
Dimensions 24 cm
336 ## - CONTENT TYPE
Content type term text
Source rdacontent
337 ## - MEDIA TYPE
Media type term unmediated
Source rdamedia
338 ## - CARRIER TYPE
Carrier type term volume
Source rdacarrier
490 1# - SERIES STATEMENT
Series statement LEARNING MADE EASY
Series statement For dummies
500 ## - GENERAL NOTE
General note Includes index
505 0# - FORMATTED CONTENTS NOTE
Formatted contents note Book 1. Common Office tasks -- Book 2. Word 365 -- Book 3. Excel 365 -- Book 4. PowerPoint 365 -- Book 5. Outlook 365 -- Book 6. Access 365 -- Book 7. Microsoft Teams -- Book 8. File sharing and collaborating.
520 ## - SUMMARY, ETC.
Summary, etc. With a Microsoft 365 subscription, you get access to top productivity apps. With this book, you get comprehensive guidance on how to mine all that productivity from these classic applications. 950+ pages of content is enough to get you up, running, and knocking out tasks with ease. Learn the basics of each app and discover advanced features that will level up your projects. Plus, you'll learn how the Copilot AI tool can help you write in Word, crunch numbers in Excel, and compose email in Outlook.
650 10 - SUBJECT ADDED ENTRY--TOPICAL TERM
Topical term or geographic name entry element Microsoft Office
Topical term or geographic name entry element Business
General subdivision Computer programs
655 #7 - INDEX TERM--GENRE/FORM
Genre/form data or focus term Handbooks and manuals
700 1# - ADDED ENTRY--PERSONAL NAME
Personal name Hill, Thomas,
Relator term editor.
830 #0 - SERIES ADDED ENTRY--UNIFORM TITLE
Uniform title Learning made easy
Uniform title For dummies
942 ## - ADDED ENTRY ELEMENTS (KOHA)
Source of classification or shelving scheme Dewey Decimal Classification
Koha item type Book

No items available.